[Event "GBR-ch 100th"]
[Site "Torquay"]
[Date "2013.07.31"]
[Round "3"]
[White "Lalic, Bogdan"]
[Black "Jaunooby, Ali Reza"]
[Result "1-0"]
[WhiteElo "2489"]
[BlackElo "2170"]
[PlyCount "71"]
[EventDate "2013.07.29"]
[EventType "swiss"]
[EventRounds "11"]
[EventCountry "GBR"]
[Source "John Saunders"]
[SourceDate "2015.07.24"]

1. d4 g6 2. c4 Bg7 3. e4 c5 4. d5 d6 5. Nc3 Nf6 6. Bd3 O-O 7. h3 e6 8. Nf3 exd5
9. exd5 Re8+ 10. Be3 Nbd7 11. O-O Ne5 12. Nxe5 Rxe5 13. Bf4 Re8 14. Nb5 Bf8 15.
Bg5 Be7 16. Re1 Nxd5 17. Rxe7 Nxe7 18. Bf6 h6 19. Qd2 Kh7 20. Qf4 Bf5 21. Nxd6
Nd5 22. cxd5 Qxf6 23. Nxe8 Rxe8 24. g4 c4 25. Bf1 Qxb2 26. Rd1 Re4 27. Qc7 Kg7
28. gxf5 Qc2 29. fxg6 Kxg6 30. Qg3+ Kh7 31. Qf3 Kg7 32. d6 Rf4 33. Qg3+ Kf8 34.
Qxf4 Qxd1 35. Qxh6+ Ke8 36. Qe3+ 1-0

[Event "GBR-ch 100th"]
[Site "Torquay"]
[Date "2013.07.31"]
[Round "3"]
[White "Mackle, Dominic"]
[Black "Foo, William"]
[Result "1-0"]
[WhiteElo "2216"]
[BlackElo "2090"]
[PlyCount "59"]
[EventDate "2013.07.29"]
[EventType "swiss"]
[EventRounds "11"]
[EventCountry "GBR"]
[Source "John Saunders"]
[SourceDate "2015.07.24"]

1. d4 d5 2. c4 c6 3. Nf3 Nf6 4. Nc3 a6 5. Bf4 Ne4 6. e3 Nxc3 7. bxc3 e6 8. Bd3
Bd6 9. Bxd6 Qxd6 10. c5 Qf8 11. O-O Nd7 12. e4 dxe4 13. Bxe4 Qe7 14. Re1 O-O
15. Qc2 h6 16. Rab1 Kh8 17. Nd2 e5 18. Nc4 Qf6 19. Nd6 Ra7 20. Bf5 Qe7 21. Bxd7
Bxd7 22. Rxe5 Be6 23. Qe2 Qh4 24. a4 Raa8 25. g3 Qf6 26. a5 Qd8 27. Rxb7 Qxa5
28. Rxe6 fxe6 29. Qg4 g5 30. Qe4 1-0

[Event "GBR-ch 100th"]
[Site "Torquay"]
[Date "2013.07.31"]
[Round "3"]
[White "McCullough, Simon L"]
[Black "Harvey, Marcus Ross"]
[Result "1/2-1/2"]
[WhiteElo "2076"]
[BlackElo "2202"]
[PlyCount "117"]
[EventDate "2013.07.29"]
[EventType "swiss"]
[EventRounds "11"]
[EventCountry "GBR"]
[Source "John Saunders"]
[SourceDate "2015.07.24"]

1. e4 e6 2. d4 d5 3. exd5 exd5 4. Nf3 Bd6 5. Bd3 Ne7 6. h3 Bf5 7. O-O Qd7 8.
Re1 Nbc6 9. c3 h6 10. b4 O-O 11. Nh4 Bxd3 12. Qxd3 g5 13. Nf3 Qf5 14. Qxf5 Nxf5
15. b5 Na5 16. g4 Ng7 17. Ba3 Rfe8 18. Bxd6 cxd6 19. Na3 Rac8 20. Rxe8+ Nxe8
21. Rc1 Ng7 22. Ne1 f5 23. Nd3 fxg4 24. hxg4 Ne6 25. Kf1 Kg7 26. Ke2 Rf8 27.
Ke3 Nc4+ 28. Nxc4 dxc4 29. d5 Nc7 30. Nb2 Nxd5+ 31. Kd4 Nb6 32. Ke3 Re8+ 33.
Kf3 d5 34. a4 Nd7 35. Rd1 Nf6 36. a5 Re4 37. Na4 Rf4+ 38. Ke2 Nxg4 39. f3 Ne5
40. Nc5 Rf7 41. Rxd5 Nxf3 42. Rd7 Rxd7 43. Nxd7 g4 44. Nc5 b6 45. axb6 axb6 46.
Nd7 Kf7 47. Nxb6 Ne5 48. Na8 Nd7 49. b6 Nc5 50. Nc7 Ke7 51. Nd5+ Kd8 52. Ne3
Ne4 53. Nxc4 Nxc3+ 54. Ke3 h5 55. Kf4 Nd5+ 56. Kg3 Kc8 57. Nd6+ Kb8 58. Nf5 Kb7
59. Ng7 1/2-1/2

[Event "GBR-ch 100th"]
[Site "Torquay"]
[Date "2013.07.31"]
[Round "3"]
[White "Murphy, Hugh"]
[Black "Gill, Oliver"]
[Result "0-1"]
[WhiteElo "2170"]
[BlackElo "1974"]
[PlyCount "80"]
[EventDate "2013.07.29"]
[EventType "swiss"]
[EventRounds "11"]
[EventCountry "GBR"]
[Source "John Saunders"]
[SourceDate "2015.07.24"]

1. e4 e5 2. Nf3 Nf6 3. Nc3 Bb4 4. Bc4 O-O 5. O-O Bxc3 6. dxc3 d6 7. Bg5 h6 8.
Bh4 Bg4 9. Qd3 Nbd7 10. b4 Qe8 11. Nd2 Nh5 12. Qe3 Be6 13. Rad1 f5 14. exf5
Bxc4 15. Nxc4 Rxf5 16. Bg3 Qf7 17. Qe4 Rf8 18. Qd5 Qxd5 19. Rxd5 Nb6 20. Nxb6
axb6 21. f3 Nxg3 22. hxg3 Ra8 23. Ra1 Ra3 24. c4 Rc3 25. c5 bxc5 26. bxc5 Rxc5
27. Rxc5 dxc5 28. a4 Rf6 29. a5 Ra6 30. Rb1 b6 31. axb6 cxb6 32. Kf2 Kf7 33.
Ke3 Ke6 34. c4 Kd6 35. Ke4 Kc6 36. Kxe5 Ra2 37. Rd1 Rxg2 38. Rd6+ Kc7 39. Rg6
Re2+ 40. Kd5 Rd2+ 0-1

[Event "GBR-ch 100th"]
[Site "Torquay"]
[Date "2013.07.31"]
[Round "3"]
[White "Osborne, Marcus E"]
[Black "Emms, John M"]
[Result "1-0"]
[WhiteElo "2269"]
[BlackElo "2469"]
[PlyCount "113"]
[EventDate "2013.07.29"]
[EventType "swiss"]
[EventRounds "11"]
[EventCountry "GBR"]
[Source "John Saunders"]
[SourceDate "2015.07.24"]

1. d4 g6 2. c4 Bg7 3. e4 c5 4. d5 d6 5. Nc3 e6 6. Bd3 exd5 7. exd5 Ne7 8. Bg5
h6 9. Bf4 O-O 10. h4 Bf5 11. Nge2 Re8 12. O-O Nd7 13. h5 Ne5 14. Bxe5 Bxe5 15.
hxg6 fxg6 16. Ng3 Kg7 17. Nxf5+ Nxf5 18. Qg4 Qh4 19. Qxh4 Nxh4 20. Ne4 g5 21.
Rfe1 Rf8 22. Nxc5 Rf7 23. Ne6+ Kf6 24. Re3 Ke7 25. Rae1 b6 26. b4 Nf5 27. Bxf5
Rxf5 28. g3 Kf6 29. g4 Rf4 30. Nxf4 gxf4 31. Rh3 Rc8 32. Rc1 Kg5 33. f3 Bd4+
34. Kg2 Re8 35. Kf1 Kg6 36. Re1 Be3 37. Re2 Rc8 38. Reh2 Rxc4 39. Rxh6+ Kg7 40.
Rxd6 Rxb4 41. Rc2 Bc5 42. Rd7+ Kf6 43. Rxa7 Ke5 44. Rd2 Be3 45. Re7+ Kd6 46.
Re6+ Kc5 47. Rc6+ Kb5 48. Rdc2 Bc5 49. Ke2 Ra4 50. Re6 Ra8 51. Kd3 Ra4 52. Rb2+
Ka6 53. Re4 Ra3+ 54. Ke2 Be3 55. d6 Kb7 56. Rc2 Bc5 57. d7 1-0

[Event "GBR-ch 100th"]
[Site "Torquay"]
[Date "2013.07.31"]
[Round "3"]
[White "Owens, Megan R"]
[Black "Jones, Steven"]
[Result "1/2-1/2"]
[WhiteElo "1852"]
[BlackElo "2033"]
[PlyCount "60"]
[EventDate "2013.07.29"]
[EventType "swiss"]
[EventRounds "11"]
[EventCountry "GBR"]
[Source "John Saunders"]
[SourceDate "2015.07.24"]

1. c4 c5 2. Nf3 Nc6 3. Nc3 e5 4. d3 g6 5. g3 Bg7 6. Bg2 Nge7 7. O-O O-O 8. Bg5
f6 9. Be3 d6 10. a3 Be6 11. Rb1 a5 12. Ne1 h6 13. Nd5 Rb8 14. Nc2 b5 15. b3 Kh7
16. f4 Bxd5 17. cxd5 exf4 18. Bxf4 Ne5 19. d4 cxd4 20. Nxd4 Qb6 21. Kh1 Ng4 22.
h3 f5 23. Ne6 Ne3 24. Bxe3 Qxe3 25. Rf3 Qe5 26. Nxg7 Kxg7 27. Qd2 b4 28. Re3
Qf6 29. Re6 Qf7 30. Rxd6 bxa3 1/2-1/2

[Event "GBR-ch 100th"]
[Site "Torquay"]
[Date "2013.07.31"]
[Round "3"]
[White "Palliser, Richard"]
[Black "Arkell, Keith C"]
[Result "1-0"]
[WhiteElo "2453"]
[BlackElo "2444"]
[PlyCount "53"]
[EventDate "2013.07.29"]
[EventType "swiss"]
[EventRounds "11"]
[EventCountry "GBR"]
[Source "John Saunders"]
[SourceDate "2015.07.24"]

1. d4 e6 2. c4 Bb4+ 3. Nc3 c5 4. e3 Bxc3+ 5. bxc3 f5 6. e4 d6 7. dxc5 dxc5 8.
Qxd8+ Kxd8 9. Bg5+ Ke8 10. O-O-O Nc6 11. exf5 exf5 12. Be2 Nge7 13. Bh5+ g6 14.
Bf3 h6 15. Bf6 Rh7 16. Nh3 Rf7 17. Rd6 Bd7 18. Re1 Rc8 19. Bd5 Rc7 20. Nf4 Kf8
21. Bxe7+ Nxe7 22. Nxg6+ Nxg6 23. Rxg6 Be8 24. Rxh6 Kg7 25. Bxf7 Bxf7 26. Rh4
Kf6 27. Rf4 1-0

[Event "GBR-ch 100th"]
[Site "Torquay"]
[Date "2013.07.31"]
[Round "3"]
[White "Richardson, Alex"]
[Black "Freeman, Richard"]
[Result "0-1"]
[WhiteElo "2149"]
[BlackElo "2030"]
[PlyCount "104"]
[EventDate "2013.07.29"]
[EventType "swiss"]
[EventRounds "11"]
[EventCountry "GBR"]
[Source "John Saunders"]
[SourceDate "2015.07.24"]

1. Nf3 g6 2. c4 Bg7 3. d4 d6 4. Nc3 Bg4 5. e3 Nd7 6. Be2 e5 7. O-O Ne7 8. dxe5
dxe5 9. Qb3 Rb8 10. Rd1 Nc6 11. h3 Be6 12. Ne4 O-O 13. Qa3 Qe8 14. Bd2 h6 15.
Rac1 f5 16. Nc3 g5 17. Be1 Qg6 18. Nd5 Rbc8 19. b4 Rf7 20. b5 Bf8 21. Qb2 e4
22. bxc6 bxc6 23. Nh2 f4 24. Qb7 Ne5 25. Ng4 Nxg4 26. Bxg4 cxd5 27. Bxe6 Qxe6
28. Qxd5 Qxd5 29. Rxd5 c6 30. Re5 Re7 31. Rf5 Rf7 32. Re5 Re7 33. Ra5 Rb7 34.
exf4 gxf4 35. Bd2 Bd6 36. Rf5 Rf8 37. Rh5 Kg7 38. c5 Bb8 39. Rh4 Kg6 40. Rg4+
Kf5 41. g3 h5 42. Rh4 Kg5 43. Re1 Rb2 44. Bc1 Rc2 45. Rd1 e3 46. fxe3 fxg3 47.
Rhd4 Rff2 48. e4+ Kh4 49. e5+ Kxh3 50. Bg5 Rg2+ 51. Kh1 Rh2+ 52. Kg1 Rcg2+ 0-1

[Event "GBR-ch 100th"]
[Site "Torquay"]
[Date "2013.07.31"]
[Round "3"]
[White "Rudd, Jack"]
[Black "Friedland, Jon S"]
[Result "1-0"]
[WhiteElo "2280"]
[BlackElo "2093"]
[PlyCount "61"]
[EventDate "2013.07.29"]
[EventType "swiss"]
[EventRounds "11"]
[EventCountry "GBR"]
[Source "John Saunders"]
[SourceDate "2015.07.24"]

1. e4 d5 2. Nc3 dxe4 3. Nxe4 Nf6 4. Nxf6+ exf6 5. d4 Bf5 6. Bd3 Bxd3 7. Qxd3
Bd6 8. Qb5+ Nd7 9. Qxb7 O-O 10. Qf3 c5 11. dxc5 Bxc5 12. Ne2 Ne5 13. Qg3 Qa5+
14. Bd2 Qa6 15. Nc3 Rab8 16. b3 Rfe8 17. O-O-O Nc4 18. a4 Rec8 19. Bf4 Ba3+ 20.
Kb1 Ne5 21. Rhe1 Qc6 22. Rxe5 Rb4 23. Bh6 g6 24. Red5 Re4 25. Ka2 Be7 26. Nxe4
Qxc2+ 27. Ka1 Qxe4 28. Qe3 f5 29. Qxe4 fxe4 30. Rd7 Bf6+ 31. Kb1 1-0

[Event "GBR-ch 100th"]
[Site "Torquay"]
[Date "2013.07.31"]
[Round "3"]
[White "Smith, Andrew Philip"]
[Black "Brusey, Alan"]
[Result "1-0"]
[WhiteElo "2110"]
[BlackElo "2020"]
[PlyCount "91"]
[EventDate "2013.07.29"]
[EventType "swiss"]
[EventRounds "11"]
[EventCountry "GBR"]
[Source "John Saunders"]
[SourceDate "2015.07.24"]

1. e4 e6 2. f4 d5 3. e5 c5 4. Nf3 Nc6 5. c3 Nge7 6. Na3 Nf5 7. Nc2 Be7 8. g3
Bd7 9. Bh3 g6 10. O-O Qc7 11. d4 O-O-O 12. g4 Ng7 13. Be3 b6 14. Bg2 h5 15. h3
Na5 16. b4 Nc4 17. bxc5 bxc5 18. Nd2 Bb5 19. Nxc4 Bxc4 20. Rf2 Qa5 21. Bd2 Qa6
22. Be3 Bh4 23. Rd2 Qa5 24. dxc5 Qxc3 25. Bd4 Qa5 26. Ne3 hxg4 27. Nxc4 dxc4
28. Qb1 Qc7 29. hxg4 Be7 30. Kf1 Rh4 31. Qb5 Rxg4 32. Qa6+ Kd7 33. Qb5+ Kc8 34.
Qa6+ Kd7 35. Bc6+ Qxc6 36. Bc3+ Qd5 37. Rxd5+ exd5 38. c6+ Ke8 39. c7 Rxf4+ 40.
Ke2 Re4+ 41. Kd1 Nf5 42. Qc6+ Kf8 43. cxd8=Q+ Bxd8 44. Qc8 Ke8 45. Ba5 Rd4+ 46.
Kc1 1-0

[Event "GBR-ch 100th"]
[Site "Torquay"]
[Date "2013.07.31"]
[Round "3"]
[White "Surtees, Michael"]
[Black "Mordue, A Tyson"]
[Result "1/2-1/2"]
[WhiteElo "2106"]
[BlackElo "2256"]
[PlyCount "48"]
[EventDate "2013.07.29"]
[EventType "swiss"]
[EventRounds "11"]
[EventCountry "GBR"]
[Source "John Saunders"]
[SourceDate "2015.07.24"]

1. e4 c5 2. c3 d5 3. f3 e6 4. Nh3 Nf6 5. d3 Nc6 6. Nf2 Be7 7. g3 O-O 8. Bg2 e5
9. O-O Be6 10. Na3 Qd7 11. f4 exf4 12. gxf4 dxe4 13. dxe4 Qxd1 14. Rxd1 Rad8
15. Re1 Rfe8 16. Bf3 Bf8 17. Be3 a6 18. b3 Nd7 19. Nc2 f5 20. e5 g5 21. fxg5
Ndxe5 22. Bg2 Bd5 23. Bxd5+ Rxd5 24. Red1 Red8 1/2-1/2

[Event "GBR-ch 100th"]
[Site "Torquay"]
[Date "2013.07.31"]
[Round "3"]
[White "Tambini, Jasper"]
[Black "Duff, Rufus"]
[Result "1/2-1/2"]
[WhiteElo "1979"]
[BlackElo "2157"]
[PlyCount "51"]
[EventDate "2013.07.29"]
[EventType "swiss"]
[EventRounds "11"]
[EventCountry "GBR"]
[Source "John Saunders"]
[SourceDate "2015.07.24"]

1. e4 e5 2. Nf3 Nc6 3. Bb5 a6 4. Ba4 Nf6 5. O-O Be7 6. Re1 b5 7. Bb3 d6 8. c3
O-O 9. h3 Na5 10. Bc2 c5 11. d4 Qc7 12. d5 Re8 13. b3 Nb7 14. a4 Bd7 15. Nbd2
bxa4 16. bxa4 Na5 17. Qe2 g6 18. Bd3 Qa7 19. Ra3 Reb8 20. Nc4 Nxc4 21. Bxc4 Bf8
22. Nh2 Bg7 23. Qf3 h5 24. Qg3 Re8 25. Qd3 Bc8 26. a5 1/2-1/2

[Event "GBR-ch 100th"]
[Site "Torquay"]
[Date "2013.07.31"]
[Round "3"]
[White "Taylor, Adam C"]
[Black "Lenier, Jude"]
[Result "0-1"]
[WhiteElo "2001"]
[BlackElo "2119"]
[PlyCount "84"]
[EventDate "2013.07.29"]
[EventType "swiss"]
[EventRounds "11"]
[EventCountry "GBR"]
[Source "John Saunders"]
[SourceDate "2015.07.24"]

1. c4 g6 2. g3 Bg7 3. Bg2 c5 4. e4 Nc6 5. Nc3 d6 6. Nge2 e6 7. a3 Nge7 8. d3
O-O 9. O-O f5 10. f4 Nd4 11. Rb1 a5 12. Nxd4 Bxd4+ 13. Kh1 Nc6 14. Ne2 Bg7 15.
Be3 Qb6 16. Qd2 a4 17. Rfd1 Na5 18. Qe1 Bd7 19. Bd2 Nb3 20. Bc3 e5 21. exf5
gxf5 22. Nc1 Nd4 23. Bxd4 cxd4 24. Bd5+ Kh8 25. Na2 Bc6 26. Nb4 Rae8 27. Qf1 e4
28. Re1 Qc5 29. dxe4 Rxe4 30. Bxc6 bxc6 31. Rxe4 fxe4 32. Re1 d5 33. cxd5 cxd5
34. Rc1 Qa5 35. Rc6 d3 36. Qc1 d4 37. Re6 e3 38. Qd1 Qf5 39. Re7 Bf6 40. Ra7
Qe4+ 41. Kg1 e2 42. Qe1 d2 0-1

[Event "GBR-ch 100th"]
[Site "Torquay"]
[Date "2013.07.31"]
[Round "3"]
[White "Thorpe, Thomas"]
[Black "Bonafont, Philip"]
[Result "1-0"]
[WhiteElo "1875"]
[BlackElo "2084"]
[PlyCount "117"]
[EventDate "2013.07.29"]
[EventType "swiss"]
[EventRounds "11"]
[EventCountry "GBR"]
[Source "John Saunders"]
[SourceDate "2015.07.24"]

1. e4 c5 2. Nf3 d6 3. d4 cxd4 4. Nxd4 Nf6 5. Nc3 a6 6. Bg5 e6 7. f4 Be7 8. Qf3
Qc7 9. O-O-O Nbd7 10. g4 b5 11. Bxf6 Nxf6 12. g5 Nd7 13. f5 Bxg5+ 14. Kb1 Ne5
15. Qh5 h6 16. Nxe6 Bxe6 17. fxe6 O-O 18. h4 g6 19. Qe2 Bd8 20. exf7+ Rxf7 21.
Qd2 Kg7 22. Qxd6 Qxd6 23. Rxd6 Bxh4 24. Bxb5 axb5 25. Rxh4 b4 26. Ne2 Rf1+ 27.
Nc1 Raf8 28. b3 Re1 29. Kb2 Rff1 30. Rb6 Rxc1 31. Rxb4 g5 32. Rh2 g4 33. Rb7+
Nf7 34. Rh4 Rb1+ 35. Kc3 Rg1 36. a4 Kg6 37. Rb8 Kg5 38. Rh2 g3 39. Rg8+ Kf4 40.
Rh4+ Ke3 41. e5 Ng5 42. e6 Nxe6 43. Re8 Rh1 44. Rxe6+ Kf3 45. Rf6+ Ke3 46. Rg4
Rh3 47. Rg7 Rh4 48. Rxg3+ Ke4 49. Rd6 Ke5 50. Rgd3 Rh2 51. a5 Ra1 52. a6 Ra2
53. R3d5+ Ke4 54. Rd2 Rh5 55. b4 Rh3+ 56. Kc4 h5 57. b5 Ke5 58. Kc5 Rc3+ 59.
Kb6 1-0

[Event "GBR-ch 100th"]
[Site "Torquay"]
[Date "2013.07.31"]
[Round "3"]
[White "Wadsworth, Matthew J"]
[Black "Longson, Alexander"]
[Result "1/2-1/2"]
[WhiteElo "2136"]
[BlackElo "2279"]
[PlyCount "100"]
[EventDate "2013.07.29"]
[EventType "swiss"]
[EventRounds "11"]
[EventCountry "GBR"]
[Source "John Saunders"]
[SourceDate "2015.07.24"]

1. e4 c5 2. Nc3 d6 3. g3 g6 4. Bg2 Bg7 5. d3 Nc6 6. Be3 Nd4 7. Nge2 e6 8. Qd2
Ne7 9. O-O O-O 10. Nd1 Nxe2+ 11. Qxe2 Rb8 12. c3 b6 13. d4 Bb7 14. f4 Qc8 15.
Re1 Re8 16. e5 Bxg2 17. Qxg2 Nd5 18. Nf2 f5 19. Rad1 Bf8 20. Nd3 c4 21. Nf2
dxe5 22. dxe5 Rd8 23. Qf3 Qc7 24. Bd4 b5 25. a3 a5 26. Rd2 Rd7 27. Nd1 Rbd8 28.
Ne3 Nxe3 29. Qxe3 Qc6 30. Kf2 b4 31. axb4 axb4 32. Red1 Rd5 33. Qf3 Kf7 34. Be3
Rxd2+ 35. Rxd2 Rxd2+ 36. Bxd2 Qxf3+ 37. Kxf3 b3 38. h4 Ke8 39. Bc1 Kd7 40. Be3
Kc6 41. Bc1 Kd5 42. Be3 Be7 43. Bc1 Bc5 44. Be3 Be7 45. Bc1 Bd8 46. Be3 Ba5 47.
Bc1 h6 48. Bd2 Bb6 49. Be3 Bc7 50. Bd2 Bb6 1/2-1/2

[Event "GBR-ch 100th"]
[Site "Torquay"]
[Date "2013.07.31"]
[Round "3"]
[White "Walker, Samuel"]
[Black "Reid, John"]
[Result "1/2-1/2"]
[WhiteElo "1978"]
[BlackElo "2151"]
[PlyCount "123"]
[EventDate "2013.07.29"]
[EventType "swiss"]
[EventRounds "11"]
[EventCountry "GBR"]
[Source "John Saunders"]
[SourceDate "2015.07.24"]

1. c4 c5 2. g3 g6 3. Bg2 Bg7 4. Nc3 Nc6 5. d3 d6 6. Nf3 Nh6 7. Bd2 O-O 8. Rb1
a5 9. O-O Nf5 10. Nb5 Na7 11. Nxa7 Rxa7 12. Bc3 e5 13. Ne1 Be6 14. Nc2 b5 15.
Na3 b4 16. Nb5 Rd7 17. e4 Ne7 18. Bd2 f5 19. Bh3 Nc6 20. a4 Qe7 21. f3 f4 22.
Bxe6+ Qxe6 23. g4 Bf6 24. Kg2 Bh4 25. Be1 Bxe1 26. Qxe1 g5 27. Rh1 h5 28. h3
Kf7 29. Kf2 Ke8 30. Qg1 Rh8 31. gxh5 Rdh7 32. Qg4 Kd7 33. b3 Rxh5 34. Rbg1 Nd8
35. Qxe6+ Nxe6 36. Kg2 Ke7 37. Rh2 Kd7 38. Rhh1 Nf8 39. Rh2 Nh7 40. Kf2 Nf6 41.
Rhg2 Rg8 42. Ke2 Rg6 43. Kf2 Nh7 44. Rh2 Rgh6 45. Kg2 Rh4 46. Re1 Nf6 47. Reh1
Nh5 48. Rf1 Rh8 49. Rc1 Nf6 50. Rch1 R8h7 51. Kg1 Nh5 52. Kg2 Ke6 53. Rc1 Rg7
54. Rch1 Nf6 55. Kg1 Rgh7 56. Kg2 Nh5 57. Rc1 Ng3 58. Rc2 Rd7 59. Rd2 Kf6 60.
Rc2 Nh5 61. Rc1 Ke6 62. Rd1 1/2-1/2

[Event "GBR-ch 100th"]
[Site "Torquay"]
[Date "2013.07.31"]
[Round "3"]
[White "Ward, Christopher"]
[Black "Howell, David"]
[Result "0-1"]
[WhiteElo "2432"]
[BlackElo "2639"]
[PlyCount "58"]
[EventDate "2013.07.29"]
[EventType "swiss"]
[EventRounds "11"]
[EventCountry "GBR"]
[Source "John Saunders"]
[SourceDate "2015.07.24"]

1. d4 Nf6 2. c4 e6 3. Nc3 Bb4 4. Qc2 O-O 5. e4 d6 6. e5 dxe5 7. dxe5 Ng4 8. a3
Bxc3+ 9. Qxc3 Nc6 10. Nf3 f6 11. exf6 Nxf6 12. Be3 e5 13. Rd1 Qe8 14. Be2 Bg4
15. h3 Bxf3 16. Bxf3 Nd4 17. Rxd4 exd4 18. Qxd4 c6 19. O-O Qe7 20. b4 Rfd8 21.
Qc5 Qxc5 22. Bxc5 Rd3 23. b5 Nd7 24. Bb4 a5 25. bxa6 Rxa6 26. c5 Rdxa3 27. Be2
R3a4 28. Bc3 Ra8 29. Rd1 Nxc5 0-1

[Event "GBR-ch 100th"]
[Site "Torquay"]
[Date "2013.07.31"]
[Round "3"]
[White "Warman, Simon M"]
[Black "Kirby, Peter J"]
[Result "1/2-1/2"]
[WhiteElo "2093"]
[BlackElo "1982"]
[PlyCount "212"]
[EventDate "2013.07.29"]
[EventType "swiss"]
[EventRounds "11"]
[EventCountry "GBR"]
[Source "John Saunders"]
[SourceDate "2015.07.24"]

1. e4 c5 2. f4 g6 3. Nf3 Bg7 4. Nc3 Nc6 5. Bc4 e6 6. d3 Nge7 7. O-O O-O 8. Qe1
d5 9. Bb3 Na5 10. exd5 Nxb3 11. axb3 Nxd5 12. Ne5 Nb4 13. Qf2 Qe7 14. Na4 Qc7
15. c3 Bxe5 16. cxb4 Bd4 17. Be3 Bxe3 18. Qxe3 cxb4 19. Nb6 Rb8 20. Rxa7 Bd7
21. Rc1 Bc6 22. Nc4 Rfd8 23. Ne5 Qd6 24. Kf2 Qd5 25. Rxc6 bxc6 26. Nxf7 Rf8 27.
Nh6+ Kh8 28. Kg1 Ra8 29. Nf7+ Kg8 30. Nh6+ Kh8 31. Nf7+ Kg8 32. Ng5 c5 33. Rxa8
Rxa8 34. Qxe6+ Qxe6 35. Nxe6 Ra5 36. Kf2 Kf7 37. Ng5+ Ke7 38. Ne4 Ra2 39. Nxc5
Rxb2+ 40. Kf3 Kd6 41. d4 Kd5 42. Ke3 Rxg2 43. Nd3 Rxh2 44. Nxb4+ Kd6 45. Nd3 h5
46. Ne5 h4 47. Kf3 h3 48. Kg3 Rh1 49. b4 Kd5 50. b5 Kxd4 51. b6 Rb1 52. Kxh3 g5
53. Nf3+ Ke3 54. Nxg5 Kxf4 55. Ne6+ Ke5 56. Ng5 Kf5 57. Nf3 Kf4 58. Nh2 Rxb6
59. Kg2 Rb2+ 60. Kg1 Kg3 61. Nf1+ Kh3 62. Ne3 Ra2 63. Nf1 Rg2+ 64. Kh1 Rg8 65.
Nh2 Rf8 66. Kg1 Rf7 67. Nf1 Rg7+ 68. Kh1 Rg2 69. Ne3 Rf2 70. Kg1 Re2 71. Nf1
Kg4 72. Nh2+ Kf4 73. Nf1 Ra2 74. Nh2 Ra1+ 75. Kg2 Ra2+ 76. Kg1 Ke3 77. Nf1+ Ke2
78. Nh2 Ra8 79. Kg2 Rg8+ 80. Kh3 Kf2 81. Ng4+ Kf3 82. Nh2+ Kf4 83. Nf1 Rg1 84.
Nd2 Rd1 85. Nc4 Ke4 86. Kg3 Kd4 87. Nd6 Kd5 88. Nf5 Ke5 89. Ne3 Rd3 90. Kf2 Ke4
91. Nf1 Kf4 92. Kg2 Ra3 93. Kf2 Ra2+ 94. Kg1 Kf3 95. Nh2+ Kg3 96. Nf1+ Kh3 97.
Ne3 Rb2 98. Nf1 Re2 99. Kh1 Kg4 100. Kg1 Kf4 101. Nh2 Re1+ 102. Kf2 Ra1 103.
Nf1 Rc1 104. Kg2 Kg4 105. Ne3+ Kf4 106. Nf1 Rxf1 1/2-1/2

[Event "GBR-ch 100th"]
[Site "Torquay"]
[Date "2013.07.31"]
[Round "3"]
[White "Waters, Clive L"]
[Black "Oyama, Akito"]
[Result "1-0"]
[WhiteElo "2129"]
[BlackElo "1966"]
[PlyCount "49"]
[EventDate "2013.07.29"]
[EventType "swiss"]
[EventRounds "11"]
[EventCountry "GBR"]
[Source "John Saunders"]
[SourceDate "2015.07.24"]

1. Nf3 f5 2. b3 Nf6 3. Bb2 e6 4. g3 Be7 5. Bg2 O-O 6. O-O d6 7. d4 Qe8 8. Nbd2
Nc6 9. e3 Bd8 10. Qe2 Ng4 11. d5 exd5 12. Nd4 Nxd4 13. Bxd4 c6 14. c4 dxc4 15.
Qxc4+ d5 16. Qc3 Nf6 17. f3 b6 18. b4 Ba6 19. Rfe1 Rc8 20. Qa3 Bb7 21. Qxa7 Qe7
22. Bxb6 Qxb4 23. Bc5 Qxd2 24. Bxf8 Ra8 25. Qxb7 1-0

[Event "GBR-ch 100th"]
[Site "Torquay"]
[Date "2013.07.31"]
[Round "3"]
[White "Weaving, Richard"]
[Black "Thompson, Robert"]
[Result "1-0"]
[WhiteElo "2196"]
[BlackElo "1978"]
[PlyCount "113"]
[EventDate "2013.07.29"]
[EventType "swiss"]
[EventRounds "11"]
[EventCountry "GBR"]
[Source "John Saunders"]
[SourceDate "2015.07.24"]

1. e4 e5 2. Nf3 d6 3. d4 exd4 4. Nxd4 Nf6 5. Nc3 Be7 6. g3 O-O 7. Bg2 Re8 8.
O-O Bf8 9. h3 h6 10. Re1 Nbd7 11. b3 Nc5 12. Bb2 c6 13. Qd2 a5 14. a4 Qc7 15.
Re3 Bd7 16. Rae1 Rad8 17. Qe2 Bc8 18. Kh2 Na6 19. f4 Nb4 20. Nd1 Kh8 21. g4 d5
22. e5 Ng8 23. Kh1 b6 24. Qf2 Bc5 25. c3 Bxd4 26. cxd4 c5 27. Rc3 Na2 28. Rc2
Nb4 29. Rc3 Na2 30. Rc2 Nb4 31. Rd2 c4 32. Re3 cxb3 33. Rxb3 Qc6 34. Nc3 Qc4
35. Ra3 Ba6 36. Ra1 Qc6 37. Qe3 Ne7 38. Rc1 Rc8 39. Nb5 Qd7 40. Nd6 Rxc1+ 41.
Bxc1 Rf8 42. f5 Nc8 43. Nb5 Bxb5 44. axb5 Qxb5 45. f6 g5 46. h4 Rg8 47. hxg5
Rxg5 48. Qh3 Rg6 49. Rf2 Nd3 50. Rc2 Nxc1 51. Rxc8+ Kh7 52. Rxc1 Qb2 53. Rd1
Qc2 54. Qf3 Kg8 55. Bf1 Qa4 56. Bd3 Rg5 57. Rc1 1-0

[Event "GBR-ch 100th"]
[Site "Torquay"]
[Date "2013.07.31"]
[Round "3"]
[White "Zhou, Yang Fan"]
[Black "Knott, Simon JB"]
[Result "1-0"]
[WhiteElo "2469"]
[BlackElo "2318"]
[PlyCount "61"]
[EventDate "2013.07.29"]
[EventType "swiss"]
[EventRounds "11"]
[EventCountry "GBR"]
[Source "John Saunders"]
[SourceDate "2015.07.24"]

1. e4 e6 2. d4 d5 3. Nd2 c5 4. exd5 Qxd5 5. Ngf3 cxd4 6. Bc4 Qd6 7. O-O Nf6 8.
Nb3 Nc6 9. Nbxd4 Nxd4 10. Nxd4 a6 11. Re1 Qc7 12. Bf1 Bc5 13. Bg5 O-O 14. Bxf6
gxf6 15. Qg4+ Kh8 16. Qh4 Be7 17. Re3 f5 18. Qh5 Bc5 19. Qh6 f6 20. Nxe6 Bxe6
21. Rxe6 Bd4 22. Rae1 Be5 23. Bd3 f4 24. g3 Rad8 25. Qh4 Rd4 26. R1xe5 Rxd3 27.
Re1 Rdd8 28. Re7 Qxc2 29. Qxf4 b5 30. Ra7 Rd1 31. Rxh7+ 1-0

[Event "GBR-ch 100th"]
[Site "Torquay"]
[Date "2013.08.01"]
[Round "4"]
[White "Arkell, Keith C"]
[Black "Shaw, Peter"]
[Result "1/2-1/2"]
[WhiteElo "2444"]
[BlackElo "2164"]
[PlyCount "170"]
[EventDate "2013.07.29"]
[EventType "swiss"]
[EventRounds "11"]
[EventCountry "GBR"]
[Source "John Saunders"]
[SourceDate "2015.07.24"]

1. d4 d5 2. Nf3 Nf6 3. c4 e6 4. cxd5 exd5 5. Nc3 c6 6. Bg5 Bf5 7. e3 Nbd7 8.
Ne5 Be7 9. Nxd7 Qxd7 10. Bxf6 Bxf6 11. Bd3 O-O 12. O-O Rfe8 13. Qc2 Bxd3 14.
Qxd3 Be7 15. Rab1 a5 16. Na4 Ra6 17. Rfc1 Bd6 18. Nc5 Bxc5 19. Rxc5 g6 20. g3
Kg7 21. Kg2 Qe6 22. b3 Qe4+ 23. Qxe4 Rxe4 24. a3 h5 25. h4 Re6 26. Rb2 Kf8 27.
b4 axb4 28. axb4 b5 29. Kf3 Rf6+ 30. Ke2 Re6 31. Rcc2 Ra4 32. Kd3 Ra3+ 33. Rc3
Ra4 34. Kc2 Rf6 35. Kb3 Ke7 36. Rcc2 Kd7 37. Ra2 Rxa2 38. Kxa2 Re6 39. Kb3 Ke7
40. Kc3 Kd6 41. Kd3 Ke7 42. Ra2 Kf8 43. Ra7 Ke8 44. Rc7 Kf8 45. Ke2 Ke8 46. Ra7
Kf8 47. Kf3 Rf6+ 48. Kg2 Re6 49. Kh3 Rf6 50. Ra2 Ke7 51. Kg2 Re6 52. Ra1 Kd7
53. Ra8 Ke7 54. Ra7+ Kf8 55. g4 hxg4 56. Kg3 Rf6 57. Ra2 Kg7 58. Kxg4 Kh6 59.
Kg3 g5 60. hxg5+ Kxg5 61. Ra7 Kg6 62. Re7 Rd6 63. Re8 Rf6 64. f3 Kg5 65. Kf2
Rh6 66. Ke2 Kf5 67. Rc8 Rd6 68. Rc7 Kg6 69. Rc8 Kf5 70. Kd3 Kf6 71. e4 dxe4+
72. fxe4 Ke7 73. Rc7+ Ke8 74. Ke3 Rf6 75. Rb7 Rd6 76. Kd3 Kf8 77. e5 Rh6 78. d5
cxd5 79. Rxb5 Rh4 80. Kc3 Ke7 81. Rxd5 Ke6 82. Rc5 Re4 83. b5 Rxe5 84. Kb4 Rxc5
85. Kxc5 Kd7 1/2-1/2